LEADER 01013nam a2200229 u 4500 001 000000082306 003 CaOOAMICUS 005 20150112114734.0 008 050411s1944 it c u000 u und u 035 $a11038521 040 $aPUL(R)$bita 100 1 $aNicolini, Fausto,$d1879-1965.$0(OLS)http://pul/name/5827 245 10$aBenedetto Croce :$bvita intellettuale, l'erudito /$cFausto Nicolini. 260 $aNapoli :$bCacciavillani,$c1944. 300 $a124 p.$bill. (ritr.)$c17 cm 600 14$aCroce, Benedetto,$d1866-1952.$0(OLS)http://pul/subject/1894 850 $aPUL 852 $aPUL$W1$xDP1 Fondo Capitani$y116$m2 A 98$j156039$qFondi$B162552$CPULBib$Z2$F162552 $HCap2062 $82 852 $aPUL$W1$xDP1 Fondo Cecchetti$y53$m260 M 2$j194737$nBK-PRI$b $qFondi$B104894$CPULBib$Z2$F104894 $81 941 1 $a1 996 $6245$aBenedetto Croce :$bvita intellettuale, l'erudito$9(OLS)http://pul/title/107579 996 $6260$aNapoli :$bCacciavillani$9(OLS)http://pul/publisher/76249 LEADER 01961namaa2200421 i 4500 001 000000177728 003 CaOOAMICUS 005 20250505152511.0 007 tu 008 250505s2010 it 000 u ita r 020 $a978-88-6030-307-3* 040 $aPUL$bita$erda 082 0 $a658.4 100 1 $aWeick, Karl E.,$d1936-,$eautore.$0(OLS)http://pul/name/35317 240 10$aManaging the unexpected.$lItaliano.$0(OLS)http://pul/title/219266 245 10$aGovernare l'inatteso :$borganizzazioni capaci di affrontare le crisi con successo /$cKarl E. Weick, Kathleen M. Sutcliffe ; edizione italiana a cura di Fabio Dovigo. 250 $aPrima edizione 2010. 264 4$cİ2010. 264 1$aMilano :$bRaffaello Cortina,$c[2010] 300 $aXXVI, 177 pagine ;$c22 cm 336 $atesto$btxt$2rdacontent 337 $asenza mediazione$bn$2rdamedia 338 $avolume$bnc$2rdacarrier 490 1 $aIndividuo gruppo organizzazione. Theatrum ;$v 500 $aTraduzione di Fabio Dovigo. 504 $aBibliografia in nota ed a pagine : [163]-169. 700 1 $aDovigo, Fabio,$d1959-,$ecuratore,$etraduttore.$0(OLS)http://pul/name/114353 700 1 $aSutcliffe, Kathleen M.,$d1950-,$eautore.$0(OLS)http://pul/name/114352 830 0$aIndividuo, gruppo, organizzazione.$pTheatrum.$0(OLS)http://pul/title/118966 850 $aPUL 852 $aPUL$W1$xSL Cons. Gen., Altre Classi 3$y75$m658. 4 WEIKA 1$j201661$qDDC 21$B206703$CPULBib$Z2$F206703 $H137824 $82 941 1 $a9 996 $6020$a978-88-6030-307-3*$9(OLS)http://pul/number/170333 996 $6082$a658.4$9(OLS)http://pul/classification/1928 996 $6245$aGovernare l'inatteso :$borganizzazioni capaci di affrontare le crisi con successo$9(OLS)http://pul/title/219265 996 $6264$aMilano :$bRaffaello Cortina$9(OLS)http://pul/publisher/63509 996 $6264$a[S.l.] :$b[s.n.]$9(OLS)http://pul/publisher/0